[Event "17th Capablanca Memorial"]
[Site "Cienfuegos CUB"]
[Date "1981.05.28"]
[Round "5"]
[White "Zapata Ramirez, Alonso"]
[Black "Garcia Martinez, Silvino"]
[Result "0-1"]
[WhiteElo "2420"]
[BlackElo "2435"]
[EventDate "1981.05.22"]
[PlyCount "61"]

1.e4 c5 2.Nf3 d6 3.d4 cxd4 4.Nxd4 Nf6 5.Nc3 e6 6.f4 a6 7.Bd3 Nbd7 8.Qe2 
Qc7 9.a4 Be7 10.Nb3 b6 11.O-O Bb7 12.Bd2 O-O 13.Rae1 g6 14.Rf3 Rfe8 15.Rh3
Bf8 16.e5 dxe5 17.fxe5 Nd5 18.Ne4 Nxe5 19.c4 f5 20.Ng5 Nxd3 21.cxd5 Nf4 
22.Bxf4 Qxf4 23.Nxh7 Bg7 24.dxe6 Bd5 25.e7 Bxb3 26.Rxb3 Bd4+ 27.Kh1 Kxh7 
28.Qe6 Kg7 29.Qd5 Rac8 30.Rd3 Rc1 31.Qe6 0-1

[Event "17th Capablanca Memorial"]
[Site "Cienfuegos CUB"]
[Date "1981.05.29"]
[Round "6"]
[White "Barczay, Laszlo"]
[Black "Andres Mendez, Miguel"]
[Result "1-0"]
[WhiteElo "2410"]
[BlackElo "2370"]
[EventDate "1981.05.22"]
[PlyCount "55"]

1.d4 Nf6 2.c4 c5 3.d5 g6 4.Nc3 Bg7 5.e4 O-O 6.Nf3 d6 7.Be2 e6 8.O-O exd5 
9.cxd5 Re8 10.Nd2 Nbd7 11.a4 a6 12.Ra3 Ne5 13.f4 Neg4 14.Nc4 Nxe4 15.Bxg4 
Bd4+ 16.Ne3 Nxc3 17.Rxc3 Bxg4 18.Qxg4 f5 19.Qf3 Bxc3 20.bxc3 Qf6 21.g4 Re4
22.gxf5 gxf5 23.c4 Kf7 24.Kh1 Rg8 25.Qh3 Kf8 26.Nxf5 Rxc4 27.Bb2 Qg6 28.
Nxd6 1-0

[Event "17th Capablanca Memorial"]
[Site "Cienfuegos CUB"]
[Date "1981.05.29"]
[Round "6"]
[White "Garcia Gonzales, Guillermo"]
[Black "Zapata Ramirez, Alonso"]
[Result "1-0"]
[WhiteElo "2520"]
[BlackElo "2420"]
[EventDate "1981.05.22"]
[PlyCount "95"]

1.d4 Nf6 2.c4 g6 3.Nc3 Bg7 4.e4 O-O 5.Be2 d6 6.Nf3 e5 7.Be3 Ng4 8.Bg5 f6 
9.Bc1 c6 10.h3 Nh6 11.d5 Nf7 12.g4 Na6 13.Rg1 cxd5 14.cxd5 Bd7 15.Be3 Qb8 
16.a4 Rc8 17.Ra3 Qc7 18.a5 Be8 19.h4 Nc5 20.b4 Na6 21.Qb1 Qe7 22.Nd2 Bd7 
23.f3 Qe8 24.Kf2 Rc7 25.Bd3 Kh8 26.Ke2 Bh6 27.g5 Bg7 28.Qb2 f5 29.Raa1 
Rcc8 30.Rac1 Kg8 31.Nc4 Nc7 32.Na3 fxe4 33.fxe4 Qe7 34.Ncb5 Nxb5 35.Nxb5 
Rxc1 36.Rxc1 a6 37.Nc7 Rc8 38.Kd2 h6 39.b5 axb5 40.Ne6 Bxe6 41.dxe6 Qxe6 
42.Rxc8+ Qxc8 43.Qxb5 hxg5 44.hxg5 Bf8 45.Bc4 Kg7 46.Bd5 Qd8 47.Qxb7 Be7 
48.a6 1-0

[Event "17th Capablanca Memorial"]
[Site "Cienfuegos CUB"]
[Date "1981.05.29"]
[Round "6"]
[White "Nogueiras Santiago, Jesus"]
[Black "Vera Gonzalez, Reynaldo"]
[Result "1-0"]
[WhiteElo "2455"]
[BlackElo "2455"]
[EventDate "1981.05.22"]
[PlyCount "82"]

1.d4 d5 2.c4 dxc4 3.Nf3 Nf6 4.e3 e6 5.Bxc4 c5 6.O-O a6 7.a4 Nc6 8.Qe2 cxd4
9.Rd1 Be7 10.exd4 O-O 11.Nc3 Nb4 12.Bg5 Nfd5 13.Nxd5 Nxd5 14.Bxe7 Nxe7 15.
Ne5 Nd5 16.Ra3 Bd7 17.Bxd5 exd5 18.Qf3 Be6 19.Qb3 Qd6 20.Raa1 Rfc8 21.a5 
Bf5 22.Qxb7 f6 23.Qf7+ Kh8 24.Qe8+ Qf8 25.Qxf8+ Rxf8 26.Nc6 Bd7 27.Nb4 
Rfb8 28.Nxd5 Rxb2 29.Nb6 Rd8 30.Rab1 Rxb1 31.Rxb1 Kg8 32.d5 Kf7 33.f3 Ke7 
34.Kf2 Kd6 35.Ke3 Re8+ 36.Kd4 Re2 37.Rb2 Bb5 38.Rxe2 Bxe2 39.Nc4+ Kd7 40.
Kc5 h5 41.f4 h4 1-0

[Event "17th Capablanca Memorial"]
[Site "Cienfuegos CUB"]
[Date "1981.05.29"]
[Round "6"]
[White "Tseshkovsky, Vitaly"]
[Black "Boensch, Uwe"]
[Result "1-0"]
[WhiteElo "2530"]
[BlackElo "2455"]
[EventDate "1981.05.22"]
[PlyCount "53"]

1.e4 c5 2.Nf3 d6 3.d4 cxd4 4.Nxd4 Nf6 5.Nc3 e6 6.g4 Nc6 7.g5 Nd7 8.Be3 
Nde5 9.h4 a6 10.Qe2 Na5 11.b3 Qc7 12.Nd1 d5 13.exd5 Bb4+ 14.Bd2 Bxd2+ 15.
Qxd2 exd5 16.Bg2 O-O 17.Ne3 Nec6 18.O-O-O Be6 19.h5 Nxd4 20.Qxd4 Nc6 21.
Qb2 d4 22.Bxc6 dxe3 23.h6 f6 24.hxg7 Rfd8 25.Rxd8+ Qxd8 26.Be4 h5 27.fxe3 
1-0

[Event "17th Capablanca Memorial"]
[Site "Cienfuegos CUB"]
[Date "1981.05.30"]
[Round "7"]
[White "Boensch, Uwe"]
[Black "Nogueiras Santiago, Jesus"]
[Result "1/2-1/2"]
[WhiteElo "2455"]
[BlackElo "2455"]
[EventDate "1981.05.22"]
[PlyCount "48"]

1.Nf3 d5 2.d4 c5 3.dxc5 e6 4.e4 Bxc5 5.exd5 exd5 6.Bb5+ Nc6 7.O-O Ne7 8.
Nbd2 O-O 9.Nb3 Bb6 10.Bg5 f6 11.Bf4 d4 12.h3 a6 13.Bc4+ Kh8 14.Qd2 Bf5 15.
Rad1 Rc8 16.Rfe1 Ng6 17.Bg3 Nce5 18.Nxe5 Nxe5 19.Bxe5 Rxc4 20.Bxd4 Bxc2 
21.Bxb6 Qxb6 22.Qd6 Qxd6 23.Rxd6 Bxb3 24.axb3 Rc7 1/2-1/2

[Event "17th Capablanca Memorial"]
[Site "Cienfuegos CUB"]
[Date "1981.05.30"]
[Round "7"]
[White "Chernin, Alexander"]
[Black "Garcia Gonzales, Guillermo"]
[Result "1/2-1/2"]
[WhiteElo "2470"]
[BlackElo "2520"]
[EventDate "1981.05.22"]
[PlyCount "40"]

1.c4 Nf6 2.g3 e5 3.Bg2 d5 4.cxd5 Nxd5 5.Nc3 Nb6 6.Nf3 Nc6 7.d3 Be7 8.a3 
Be6 9.O-O f6 10.b4 a6 11.Bb2 Qd7 12.Re1 Bh3 13.Bh1 h5 14.Na4 Nxa4 15.Qxa4 
O-O-O 16.Nh4 Nd4 17.Qxd7+ Rxd7 18.Ng6 Rh6 19.Nxe7+ Rxe7 20.Bxd4 exd4 
1/2-1/2

[Event "17th Capablanca Memorial"]
[Site "Cienfuegos CUB"]
[Date "1981.05.30"]
[Round "7"]
[White "Fernandez Gonzalez, Juan Carlos"]
[Black "Tseshkovsky, Vitaly"]
[Result "0-1"]
[WhiteElo "2440"]
[BlackElo "2530"]
[EventDate "1981.05.22"]
[PlyCount "74"]

1.Nf3 g6 2.d4 Bg7 3.e4 d6 4.Be2 Nf6 5.Nbd2 O-O 6.O-O b6 7.Re1 c5 8.d5 e6 
9.dxe6 Bxe6 10.c3 Nc6 11.Nf1 h6 12.Ne3 a6 13.Nd2 d5 14.exd5 Nxd5 15.Nxd5 
Bxd5 16.Nc4 b5 17.Nb6 Qxb6 18.Qxd5 Rad8 19.Qb3 Rfe8 20.Be3 Rxe3 21.fxe3 
Be5 22.Rad1 c4 23.Rxd8+ Qxd8 24.Qd1 Qc7 25.h3 Ne7 26.e4 Qb6+ 27.Kh1 Qf2 
28.Bf3 Nc6 29.Re2 Qg3 30.Kg1 Qh2+ 31.Kf2 Bg3+ 32.Ke3 Bf4+ 33.Kf2 Ne5 34.
Rc2 Nd3+ 35.Ke2 Bg5 36.Qf1 Qd6 37.Qg1 Nf4+ 0-1

[Event "17th Capablanca Memorial"]
[Site "Cienfuegos CUB"]
[Date "1981.05.30"]
[Round "7"]
[White "Mikhalchishin, Adrian"]
[Black "Barczay, Laszlo"]
[Result "1-0"]
[WhiteElo "2535"]
[BlackElo "2410"]
[EventDate "1981.05.22"]
[PlyCount "53"]

1.e4 c5 2.Nf3 d6 3.d4 cxd4 4.Nxd4 Nf6 5.Nc3 g6 6.Be3 Bg7 7.f3 O-O 8.Qd2 
Nc6 9.Bc4 Nd7 10.h4 Nde5 11.Bb3 Na5 12.Qe2 h5 13.O-O-O Bd7 14.g4 Rc8 15.
gxh5 Rxc3 16.bxc3 Qc7 17.Kb1 Nac4 18.Bc1 a5 19.hxg6 a4 20.Bxc4 Nxc4 21.
gxf7+ Kxf7 22.Rhg1 Bf6 23.f4 Rh8 24.Qg2 Qb6+ 25.Ka1 Qa5 26.Rd3 Qh5 27.e5 
1-0

[Event "17th Capablanca Memorial"]
[Site "Cienfuegos CUB"]
[Date "1981.05.30"]
[Round "7"]
[White "Zapata Ramirez, Alonso"]
[Black "Vilela de Acuna, Jose Luis"]
[Result "1/2-1/2"]
[WhiteElo "2420"]
[BlackElo "2430"]
[EventDate "1981.05.22"]
[PlyCount "95"]

1.e4 e6 2.d4 d5 3.Nd2 c5 4.Ngf3 a6 5.exd5 exd5 6.Be2 c4 7.O-O Bd6 8.b3 b5 
9.Re1 Ne7 10.Nf1 Nbc6 11.a4 Rb8 12.axb5 axb5 13.bxc4 bxc4 14.Ba3 O-O 15.
Ng3 Nf5 16.Ne5 Nxe5 17.Bxd6 Qxd6 18.dxe5 Qc5 19.Qd2 Nxg3 20.hxg3 Be6 21.
Red1 h6 22.Qc3 Ra8 23.Rd4 Rxa1+ 24.Qxa1 Rb8 25.c3 Rb3 26.Rd2 Ra3 27.Ra2 
Rxa2 28.Qxa2 d4 29.Qa8+ Qf8 30.Qxf8+ Kxf8 31.Kf1 d3 32.Bf3 Ke7 33.Ke1 f6 
34.exf6+ Kxf6 35.Kd2 Ke5 36.Bc6 Bd5 37.Bb5 Kd6 38.f3 Kc5 39.Be8 Bc6 40.Bf7
Ba4 41.Be6 Bb5 42.Ke3 Kb6 43.Kd2 Ka5 44.Ke3 Ka4 45.Kd2 Ka5 46.Ke3 Kb6 47.
Kd2 Kc5 48.Ke3 1/2-1/2

[Event "17th Capablanca Memorial"]
[Site "Cienfuegos CUB"]
[Date "1981.05.31"]
[Round "8"]
[White "Boensch, Uwe"]
[Black "Vera Gonzalez, Reynaldo"]
[Result "1/2-1/2"]
[WhiteElo "2455"]
[BlackElo "2455"]
[EventDate "1981.05.22"]
[PlyCount "92"]

1.e4 c5 2.Nf3 d6 3.c3 Nf6 4.Bd3 Nc6 5.Bc2 e5 6.O-O Be7 7.h3 O-O 8.d4 cxd4 
9.cxd4 Nb4 10.Bb3 Nxe4 11.Qe2 d5 12.Nxe5 b6 13.Rd1 Ba6 14.Qf3 Bb7 15.Nc3 
Bf6 16.Ng4 Bg5 17.Ne5 Bf6 18.Bf4 Nxc3 19.bxc3 Na6 20.c4 Nc7 21.Ng4 Ne6 22.
Be5 dxc4 23.Qxb7 cxb3 24.Bxf6 gxf6 25.axb3 a5 26.Qf3 Kg7 27.Qe3 Rg8 28.
Qh6+ Kh8 29.Nxf6 Rg7 30.Nh5 Rg6 31.Qe3 Qd5 32.Qe5+ Qxe5 33.dxe5 Rg5 34.g4 
Rxe5 35.Rd7 f5 36.Re7 fxg4 37.Nf6 Ng5 38.Rxe5 Nf3+ 39.Kg2 Nxe5 40.hxg4 Rf8
41.g5 Nf7 42.f4 h6 43.g6 Kg7 44.Nd7 Rd8 45.Nxb6 Kxg6 46.Rxa5 Rd2+ 1/2-1/2

[Event "17th Capablanca Memorial"]
[Site "Cienfuegos CUB"]
[Date "1981.05.31"]
[Round "8"]
[White "Garcia Gonzales, Guillermo"]
[Black "Andres Mendez, Miguel"]
[Result "1-0"]
[WhiteElo "2520"]
[BlackElo "2370"]
[EventDate "1981.05.22"]
[PlyCount "73"]

1.d4 Nf6 2.c4 c5 3.d5 g6 4.Nc3 Bg7 5.e4 O-O 6.Bd3 d6 7.Nge2 e6 8.O-O exd5 
9.cxd5 b6 10.Bg5 h6 11.Bh4 Ba6 12.h3 Bxd3 13.Qxd3 a6 14.a4 Nbd7 15.f4 Qc7 
16.Rad1 Rfe8 17.Kh1 Qb7 18.Bxf6 Nxf6 19.Ng3 Rad8 20.e5 dxe5 21.f5 c4 22.
Qc2 e4 23.Ngxe4 Nxe4 24.Nxe4 Qe7 25.fxg6 fxg6 26.Rfe1 Qd7 27.Re2 Kh8 28.
Rf2 Re5 29.Nf6 Qf7 30.Rdf1 Rf8 31.Nh7 Re1 32.Rxf7 Rxf1+ 33.Rxf1 Rxf1+ 34.
Kh2 Be5+ 35.g3 Bd4 36.d6 Kxh7 37.d7 1-0

[Event "17th Capablanca Memorial"]
[Site "Cienfuegos CUB"]
[Date "1981.05.31"]
[Round "8"]
[White "Garcia Martinez, Silvino"]
[Black "Mikhalchishin, Adrian"]
[Result "1/2-1/2"]
[WhiteElo "2435"]
[BlackElo "2535"]
[EventDate "1981.05.22"]
[PlyCount "38"]

1.e4 e5 2.Nf3 Nc6 3.Bb5 a6 4.Ba4 Nf6 5.O-O Be7 6.Re1 d6 7.c4 Bg4 8.d3 O-O 
9.Be3 Nd7 10.h3 Bxf3 11.Qxf3 Nc5 12.Bxc5 dxc5 13.Bxc6 bxc6 14.Nc3 Bg5 15.
g3 Qe7 16.Kg2 Rfd8 17.Rad1 Rd4 18.Ne2 Rd6 19.Ng1 Rb8 1/2-1/2

[Event "17th Capablanca Memorial"]
[Site "Cienfuegos CUB"]
[Date "1981.05.31"]
[Round "8"]
[White "Hernandez Onna, Roman"]
[Black "Barczay, Laszlo"]
[Result "1/2-1/2"]
[WhiteElo "2390"]
[BlackElo "2410"]
[EventDate "1981.05.22"]
[PlyCount "43"]

1.c4 c5 2.Nc3 g6 3.g3 Bg7 4.Bg2 Nc6 5.b3 d6 6.Bb2 e5 7.d3 Nge7 8.Qd2 O-O 
9.h4 h6 10.e3 Bg4 11.Nge2 Rb8 12.Nd5 Nxd5 13.cxd5 Ne7 14.e4 Bxe2 15.Qxe2 
f5 16.h5 Qa5+ 17.Kf1 g5 18.Kg1 Rf7 19.exf5 Nxf5 20.Kh2 Rbf8 21.Rhf1 Kh8 
22.Kg1 1/2-1/2

[Event "17th Capablanca Memorial"]
[Site "Cienfuegos CUB"]
[Date "1981.05.31"]
[Round "8"]
[White "Nogueiras Santiago, Jesus"]
[Black "Fernandez Gonzalez, Juan Carlos"]
[Result "1-0"]
[WhiteElo "2455"]
[BlackElo "2440"]
[EventDate "1981.05.22"]
[PlyCount "49"]

1.d4 Nf6 2.c4 g6 3.Nc3 Bg7 4.e4 d6 5.f4 O-O 6.Nf3 c5 7.d5 b5 8.e5 dxe5 9.
fxe5 Ng4 10.cxb5 Nxe5 11.Be2 Nbd7 12.O-O Nxf3+ 13.Bxf3 Ne5 14.Bf4 a6 15.d6
Rb8 16.dxe7 Qxe7 17.Nd5 Qd8 18.Re1 Nxf3+ 19.Qxf3 Bd4+ 20.Kh1 Rxb5 21.Ne7+ 
Kg7 22.Nc6 Bb7 23.Bh6+ Kg8 24.Nxd8 Bxf3 25.Bxf8 1-0

[Event "17th Capablanca Memorial"]
[Site "Cienfuegos CUB"]
[Date "1981.05.31"]
[Round "8"]
[White "Tseshkovsky, Vitaly"]
[Black "Zapata Ramirez, Alonso"]
[Result "0-1"]
[WhiteElo "2530"]
[BlackElo "2420"]
[EventDate "1981.05.22"]
[PlyCount "80"]

1.g3 g6 2.Bg2 Bg7 3.c4 d6 4.d4 Nf6 5.Nf3 O-O 6.O-O Nc6 7.Nc3 a6 8.h3 Rb8 
9.Qc2 Bd7 10.e4 b5 11.cxb5 axb5 12.Be3 b4 13.Ne2 b3 14.Qb1 Nb4 15.Nc1 Nc2 
16.Nxb3 Nxa1 17.Nxa1 Qc8 18.Kh2 Qb7 19.e5 Nd5 20.Nb3 Qa6 21.Bd2 Bf5 22.Qa1
Nb4 23.Bxb4 Rxb4 24.Re1 Rfb8 25.Nfd2 Qa7 26.Kg1 Bh6 27.exd6 cxd6 28.Ne4 
Bxe4 29.Bxe4 Ra4 30.Bc2 Rxa2 31.Qb1 Ra4 32.Rd1 Bg7 33.Re1 Bxd4 34.Nxd4 
Rxd4 35.Re2 e5 36.h4 Qa6 37.Re3 Rdb4 38.b3 Ra4 39.Qd1 Ra1 40.Bb1 Qa2 0-1

[Event "17th Capablanca Memorial"]
[Site "Cienfuegos CUB"]
[Date "1981.05.31"]
[Round "8"]
[White "Vilela de Acuna, Jose Luis"]
[Black "Chernin, Alexander"]
[Result "0-1"]
[WhiteElo "2430"]
[BlackElo "2470"]
[EventDate "1981.05.22"]
[PlyCount "74"]

1.d4 d5 2.c4 e6 3.Nc3 c6 4.Nf3 dxc4 5.a4 Bb4 6.e3 b5 7.Bd2 Bb7 8.axb5 Bxc3
9.Bxc3 cxb5 10.b3 a5 11.bxc4 b4 12.Bb2 Nf6 13.Bd3 Nbd7 14.Qc2 O-O 15.O-O 
Qc7 16.Rfc1 h6 17.e4 Rfc8 18.Qe2 a4 19.Rab1 Rab8 20.Ba1 Ba8 21.Re1 Nh5 22.
g3 Nhf6 23.Qd2 b3 24.Bb2 Nb6 25.Rbc1 Bxe4 26.Bxe4 Nxe4 27.Rxe4 Nxc4 28.
Rxc4 Qxc4 29.Rg4 f5 30.Rg6 Kh7 31.d5 Rb7 32.Rxe6 Qc2 33.Qd4 Rc4 34.Qe5 Qe4
35.Nd4 Qxe5 36.Rxe5 a3 37.Bxa3 Rxd4 0-1

[Event "17th Capablanca Memorial"]
[Site "Cienfuegos CUB"]
[Date "1981.06.03"]
[Round "9"]
[White "Boensch, Uwe"]
[Black "Hernandez Onna, Roman"]
[Result "1-0"]
[WhiteElo "2455"]
[BlackElo "2390"]
[EventDate "1981.05.22"]
[PlyCount "63"]

1.Nf3 c5 2.g3 Nc6 3.Bg2 g6 4.O-O Bg7 5.c4 Nf6 6.Nc3 O-O 7.d4 cxd4 8.Nxd4 
Nxd4 9.Qxd4 d6 10.Qd3 Qa5 11.h3 Be6 12.Bd2 Qa6 13.b3 Rad8 14.Rac1 d5 15.
cxd5 Qxd3 16.exd3 Nxd5 17.Nxd5 Bxd5 18.Bxd5 Rxd5 19.Rc7 Rb8 20.Rfc1 Bf8 
21.Be3 Ra5 22.a4 b6 23.Rd7 Ra8 24.Rcc7 f5 25.d4 b5 26.Bd2 Ra6 27.a5 Rd6 
28.Rxa7 Rxa7 29.Rxa7 Bg7 30.Be3 Bxd4 31.Bxd4 Rxd4 32.Rxe7 1-0

[Event "17th Capablanca Memorial"]
[Site "Cienfuegos CUB"]
[Date "1981.06.03"]
[Round "9"]
[White "Mikhalchishin, Adrian"]
[Black "Garcia Gonzales, Guillermo"]
[Result "1/2-1/2"]
[WhiteElo "2535"]
[BlackElo "2520"]
[EventDate "1981.05.22"]
[PlyCount "102"]

1.Nf3 Nf6 2.d4 c5 3.d5 d6 4.c4 e6 5.Nc3 exd5 6.cxd5 a6 7.a4 g6 8.e4 Bg7 9.
Be2 O-O 10.O-O Re8 11.Nd2 Nbd7 12.f4 Rb8 13.Qc2 c4 14.Nxc4 b5 15.axb5 axb5
16.Nxd6 Qb6+ 17.Kh1 Qxd6 18.e5 Qc5 19.Qd3 b4 20.Be3 Qe7 21.Nb5 Nxe5 22.
fxe5 Qxe5 23.Bf4 Bf5 24.Bxe5 Bxd3 25.Bxd3 Rxe5 26.d6 h5 27.Na7 Rc5 28.Rac1
Rxc1 29.Rxc1 Bf8 30.Nc8 Nd7 31.g3 Ne5 32.Ba6 Kg7 33.b3 Kf6 34.Rc7 Ra8 35.
Bb5 Ra2 36.d7 Rd2 37.Kg1 Bh6 38.Kf1 Be3 39.Rc2 Rd4 40.Ke2 Bg5 41.h4 Bh6 
42.Nb6 Kg7 43.Bc6 Kh8 44.Rc5 Rd2+ 45.Kf1 Rd1+ 46.Kg2 Rd2+ 47.Kh3 Ng4 48.
Rc2 Rxc2 49.d8=Q+ Kg7 50.Bg2 Nf2+ 51.Kh2 Ng4+ 1/2-1/2

[Event "17th Capablanca Memorial"]
[Site "Cienfuegos CUB"]
[Date "1981.06.04"]
[Round "10"]
[White "Boensch, Uwe"]
[Black "Fernandez Gonzalez, Juan Carlos"]
[Result "1/2-1/2"]
[WhiteElo "2455"]
[BlackElo "2440"]
[EventDate "1981.05.22"]
[PlyCount "52"]

1.Nf3 Nf6 2.g3 g6 3.Bg2 Bg7 4.O-O O-O 5.c4 c5 6.Nc3 Nc6 7.d4 cxd4 8.Nxd4 
Nxd4 9.Qxd4 d6 10.Qd3 a6 11.Bg5 Bf5 12.Qd2 Rb8 13.a4 Re8 14.b3 Nd7 15.e4 
Be6 16.Rab1 Qa5 17.Rfc1 Qb4 18.Qc2 Bxc3 19.Qxc3 Qxc3 20.Rxc3 a5 21.Be3 b6 
22.Bd4 f6 23.f4 Red8 24.Re3 Nc5 25.Bb2 Bd7 26.Rbe1 e5 1/2-1/2

[Event "17th Capablanca Memorial"]
[Site "Cienfuegos CUB"]
[Date "1981.06.04"]
[Round "10"]
[White "Garcia Gonzales, Guillermo"]
[Black "Barczay, Laszlo"]
[Result "1/2-1/2"]
[WhiteElo "2520"]
[BlackElo "2410"]
[EventDate "1981.05.22"]
[PlyCount "80"]

1.d4 Nf6 2.c4 c5 3.d5 e6 4.Nc3 exd5 5.cxd5 d6 6.e4 g6 7.Bd3 Bg7 8.Nge2 O-O
9.O-O Na6 10.Bg5 Bd7 11.f3 Rb8 12.a4 Nb4 13.Bb1 c4 14.Qd2 Re8 15.Kh1 a5 
16.Nd4 Qb6 17.Ndb5 Bxb5 18.Nxb5 Nd7 19.Be3 Nc5 20.Ba2 Nxa2 21.Rxa2 Rbc8 
22.Bd4 Bxd4 23.Qxd4 Qd8 24.Na3 Qb6 25.Nb5 Qd8 26.Qc3 Nb3 27.Na3 Qc7 28.Nc2
Qe7 29.Na1 Qe5 30.Qxe5 Rxe5 31.Nxb3 cxb3 32.Ra3 f5 33.Rxb3 fxe4 34.fxe4 
Rxe4 35.Rxb7 Rf8 36.Rxf8+ Kxf8 37.h3 Rxa4 38.Rxh7 Rd4 39.Ra7 Rxd5 40.Kh2 
Rb5 1/2-1/2

[Event "17th Capablanca Memorial"]
[Site "Cienfuegos CUB"]
[Date "1981.06.04"]
[Round "10"]
[White "Hernandez Onna, Roman"]
[Black "Garcia Martinez, Silvino"]
[Result "1-0"]
[WhiteElo "2390"]
[BlackElo "2435"]
[EventDate "1981.05.22"]
[PlyCount "79"]

1.c4 Nf6 2.Nc3 e6 3.Nf3 Bb4 4.e3 O-O 5.Be2 b6 6.O-O Bb7 7.d4 d5 8.a3 Bxc3 
9.bxc3 dxc4 10.Bxc4 c5 11.Re1 Qc7 12.Bf1 Nbd7 13.c4 Rac8 14.Bb2 cxd4 15.
exd4 Qf4 16.Qd2 Qxd2 17.Nxd2 Rfd8 18.a4 Nb8 19.a5 Nc6 20.axb6 axb6 21.Nb3 
Nb4 22.Ra4 Nc2 23.Rc1 Be4 24.Ra6 Nd7 25.Nd2 Bg6 26.f3 Ra8 27.Rxa8 Rxa8 28.
Ne4 Ne3 29.c5 Bxe4 30.fxe4 Nxf1 31.Kxf1 bxc5 32.dxc5 Nf6 33.Rc4 Kf8 34.Rb4
Ke8 35.Be5 Nd7 36.Bd6 Rc8 37.e5 f6 38.exf6 gxf6 39.Rh4 f5 40.Rxh7 1-0

[Event "17th Capablanca Memorial"]
[Site "Cienfuegos CUB"]
[Date "1981.06.04"]
[Round "10"]
[White "Nogueiras Santiago, Jesus"]
[Black "Chernin, Alexander"]
[Result "1/2-1/2"]
[WhiteElo "2455"]
[BlackElo "2470"]
[EventDate "1981.05.22"]
[PlyCount "104"]

1.d4 Nf6 2.c4 e6 3.Nc3 d5 4.cxd5 exd5 5.Bg5 c6 6.Qc2 Be7 7.e3 Nbd7 8.Bd3 
O-O 9.Nge2 Re8 10.f3 Nf8 11.O-O g6 12.Rad1 Ne6 13.Bh4 Nh5 14.Bf2 Bf8 15.
Kh1 Bg7 16.e4 Nhf4 17.Qd2 Nxd3 18.Qxd3 b6 19.b4 Bb7 20.e5 Nc7 21.a4 Bc8 
22.Rfe1 Bf5 23.Qd2 a5 24.bxa5 Rxa5 25.Be3 Ra8 26.Bh6 Bh8 27.Bg5 Qd7 28.g4 
Be6 29.Ng3 b5 30.axb5 Nxb5 31.Nce2 Bg7 32.Rg1 Kh8 33.Qf4 f5 34.gxf5 Bxf5 
35.Nxf5 Qxf5 36.Qxf5 gxf5 37.Ng3 c5 38.Nxf5 Nxd4 39.Nxd4 cxd4 40.f4 Ra4 
41.Ra1 Rc4 42.Ra6 d3 43.Kg2 d2 44.Kf3 Rc3+ 45.Ke2 Rc1 46.Rd1 Bxe5 47.Kxd2 
Rxd1+ 48.Kxd1 Bg7 49.Rd6 h6 50.Bxh6 Bxh6 51.Rxh6+ Kg7 52.Rh5 Re4 1/2-1/2

[Event "17th Capablanca Memorial"]
[Site "Cienfuegos CUB"]
[Date "1981.06.04"]
[Round "10"]
[White "Tseshkovsky, Vitaly"]
[Black "Andres Mendez, Miguel"]
[Result "1-0"]
[WhiteElo "2530"]
[BlackElo "2370"]
[EventDate "1981.05.22"]
[PlyCount "107"]

1.e4 c5 2.Nf3 Nc6 3.d4 cxd4 4.Nxd4 g6 5.g3 Nf6 6.Bg2 Nxd4 7.Qxd4 d6 8.O-O 
Bg7 9.c3 O-O 10.h3 Be6 11.Qe3 a5 12.Na3 b5 13.Nc2 Rc8 14.Nd4 Bd7 15.Rd1 
Qc7 16.Qe2 Qb8 17.g4 h6 18.Bd2 b4 19.Qe1 e5 20.Nb3 a4 21.Na5 bxc3 22.Bxc3 
Be6 23.Bb4 Rfd8 24.a3 Qb6 25.Rac1 Bf8 26.Rd3 Nd7 27.Rcd1 Nc5 28.Qe3 Qb8 
29.Rc3 Rd7 30.Nc4 Rdc7 31.Kh2 Rc6 32.Nd2 Nb3 33.Nf3 Qb7 34.Kh1 Qb8 35.Bf1 
Qb7 36.Bg2 Qb8 37.Ne1 Bg7 38.Rxc6 Rxc6 39.Bc3 Qb5 40.Nc2 Qb8 41.Nb4 Rc8 
42.Na6 Qb5 43.Bf1 Qb7 44.Rxd6 Nd4 45.Nb4 Qc7 46.Ra6 Qd7 47.Kg1 Bf6 48.Nd5 
Bg5 49.Qxg5 Bxd5 50.Qe3 Bc6 51.Ra5 Qc7 52.f4 Nc2 53.Qf2 Bxe4 54.Rxe5 1-0

[Event "17th Capablanca Memorial"]
[Site "Cienfuegos CUB"]
[Date "1981.06.04"]
[Round "10"]
[White "Vera Gonzalez, Reynaldo"]
[Black "Zapata Ramirez, Alonso"]
[Result "1-0"]
[WhiteElo "2455"]
[BlackElo "2420"]
[EventDate "1981.05.22"]
[PlyCount "49"]

1.d4 Nf6 2.c4 g6 3.Nc3 Bg7 4.Nf3 O-O 5.Bg5 d6 6.e3 Nbd7 7.Qc2 c6 8.Be2 h6 
9.Bh4 a6 10.a4 a5 11.Rd1 Re8 12.O-O g5 13.Bg3 Nh5 14.Nxg5 Nxg3 15.Qh7+ Kf8
16.Ne6+ fxe6 17.fxg3+ Nf6 18.Bh5 Bd7 19.h4 c5 20.g4 cxd4 21.exd4 e5 22.g5 
hxg5 23.hxg5 Be6 24.Ne4 Bf7 25.gxf6 1-0

[Event "17th Capablanca Memorial"]
[Site "Cienfuegos CUB"]
[Date "1981.06.04"]
[Round "10"]
[White "Vilela de Acuna, Jose Luis"]
[Black "Mikhalchishin, Adrian"]
[Result "0-1"]
[WhiteElo "2430"]
[BlackElo "2535"]
[EventDate "1981.05.22"]
[PlyCount "112"]

1.d4 Nf6 2.c4 g6 3.Nc3 d5 4.Nf3 Bg7 5.cxd5 Nxd5 6.e4 Nxc3 7.bxc3 c5 8.Rb1 
O-O 9.Be2 b6 10.O-O Bb7 11.Qd3 e6 12.Bf4 cxd4 13.cxd4 Nc6 14.Bg5 Qd6 15.
Rfd1 Rac8 16.Qe3 Rfe8 17.h4 Qf8 18.Bb5 h6 19.Bf4 Red8 20.Bg3 Nb4 21.Qe2 
Nc2 22.Ba6 Bxa6 23.Qxa6 Nxd4 24.Qxa7 Nxf3+ 25.gxf3 Bd4 26.Qa4 e5 27.f4 Rc3
28.Kg2 Ra3 29.Qc4 Rc8 30.Qe2 exf4 31.Bxf4 Bc5 32.Rb3 Ra4 33.f3 Rca8 34.Rb2
Qe7 35.Bxh6 Qxh4 36.Rh1 Qf6 37.Rc2 Qe6 38.Bc1 Bd4 39.a3 R4a5 40.Kf1 Qf6 
41.Qg2 Rc5 42.Rxc5 bxc5 43.Qh3 Qa6+ 44.Kg2 Qe2+ 45.Kg3 Qf2+ 46.Kg4 Bg7 47.
Bf4 Rd8 48.Qh2 Qd4 49.Kg3 c4 50.Qh7+ Kf8 51.Bh6 Qe5+ 52.Bf4 Qc5 53.Bh6 
Bxh6 54.Qxh6+ Ke7 55.Rb1 Rb8 56.Rxb8 Qg1+ 0-1

[Event "17th Capablanca Memorial"]
[Site "Cienfuegos CUB"]
[Date "1981.06.05"]
[Round "11"]
[White "Andres Mendez, Miguel"]
[Black "Nogueiras Santiago, Jesus"]
[Result "0-1"]
[WhiteElo "2370"]
[BlackElo "2455"]
[EventDate "1981.05.22"]
[PlyCount "52"]

1.e4 e5 2.Nf3 d6 3.d4 exd4 4.Nxd4 Nf6 5.Nc3 Be7 6.Bf4 O-O 7.Qd2 d5 8.exd5 
Bb4 9.Nde2 Re8 10.O-O-O Ne4 11.Qd4 Bc5 12.Qc4 b5 13.Nxb5 Na6 14.Ng3 Nxf2 
15.Nxc7 Nxd1 16.Nxe8 Nf2 17.Qe2 Bg4 18.Qxa6 Nxh1 19.Nxh1 Qxe8 20.Bd2 Be3 
21.Be2 Bxd2+ 22.Kxd2 Rd8 23.Bd3 Qe5 24.Qxa7 Re8 25.Qf2 Qg5+ 26.Kc3 Rc8+ 
0-1

[Event "17th Capablanca Memorial"]
[Site "Cienfuegos CUB"]
[Date "1981.06.05"]
[Round "11"]
[White "Barczay, Laszlo"]
[Black "Vilela de Acuna, Jose Luis"]
[Result "1-0"]
[WhiteElo "2410"]
[BlackElo "2430"]
[EventDate "1981.05.22"]
[PlyCount "113"]

1.d4 Nf6 2.c4 e6 3.Nf3 b6 4.Nc3 Bb4 5.Qb3 c5 6.dxc5 Bxc5 7.g3 Bb7 8.Bg2 
Nc6 9.O-O Na5 10.Qc2 Nxc4 11.Qa4 Na5 12.e4 Bc6 13.Qc2 Rc8 14.Ne5 Bb7 15.
Rd1 Nc6 16.Nxc6 Bxc6 17.Qe2 O-O 18.e5 Ne8 19.Bxc6 Rxc6 20.Ne4 f5 21.exf6 
Nxf6 22.Nxc5 Rxc5 23.Be3 Rf5 24.Bd4 Nd5 25.Rd2 Qg5 26.Rad1 Rc8 27.Kh1 h6 
28.f4 Qg6 29.Rc2 Rff8 30.Rdc1 Rxc2 31.Rxc2 h5 32.Rc1 h4 33.Rg1 h3 34.Rc1 
Kh7 35.a3 Rxf4 36.gxf4 Nxf4 37.Qc2 Nd3 38.Rd1 Qe4+ 39.Kg1 Qxd4+ 40.Kf1 
Qf4+ 41.Ke2 Qe4+ 42.Kd2 Nf2 43.Qxe4+ Nxe4+ 44.Ke2 Nf6 45.Rd3 Kg6 46.Rxh3 
Kf7 47.b4 a5 48.bxa5 bxa5 49.Rh8 Ng4 50.Ra8 Nxh2 51.Rxa5 Ng4 52.Rb5 Nf6 
53.a4 Ne4 54.Kd3 Nf6 55.Rb8 e5 56.a5 e4+ 57.Ke2 1-0

[Event "17th Capablanca Memorial"]
[Site "Cienfuegos CUB"]
[Date "1981.06.05"]
[Round "11"]
[White "Chernin, Alexander"]
[Black "Vera Gonzalez, Reynaldo"]
[Result "1/2-1/2"]
[WhiteElo "2470"]
[BlackElo "2455"]
[EventDate "1981.05.22"]
[PlyCount "83"]

1.d4 e6 2.g3 d5 3.Bg2 Nf6 4.Nf3 c5 5.O-O Nc6 6.c4 Be7 7.cxd5 exd5 8.Nc3 
O-O 9.Bg5 cxd4 10.Nxd4 h6 11.Be3 Bg4 12.Qa4 Qd7 13.Rfd1 Bh3 14.Bh1 a6 15.
Rac1 Rfe8 16.a3 Bf8 17.Nc2 Re5 18.Bb6 Qe6 19.Nd4 Qe8 20.Qb3 Rc8 21.Bf3 h5 
22.Nxc6 bxc6 23.Bd4 Rf5 24.Na4 Ne4 25.Qe3 h4 26.Bc5 Re5 27.Bxf8 Nxg3 28.
Qf4 Nxe2+ 29.Bxe2 Rxe2 30.Qxh4 Qe6 31.Nc3 Re5 32.f4 Qg6+ 33.Qg3 Re6 34.Bc5
Qh5 35.Kh1 Rg6 36.Qf2 Bg2+ 37.Qxg2 Rxg2 38.Kxg2 Qg4+ 39.Kh1 Qf3+ 40.Kg1 
Qg4+ 41.Kh1 Qf3+ 42.Kg1 1/2-1/2